|
|
|
|
| LEADER |
01400nam a2200277 a 4500 |
| 001 |
006724390 |
| 008 |
100110r19851983enkah b 000 0 eng d |
| 010 |
|
|
|a 91006973
|
| 020 |
|
|
|a 0335103006
|
| 040 |
|
|
|a Uk
|c Uk
|d BD-DhAAL
|
| 082 |
0 |
4 |
|a 305.4/2
|2 19
|
| 245 |
1 |
0 |
|a The Changing experience of women :
|b U221 Course Team. Unit 2, Nature and culture : biology and the development of sex differences Unit 3 : Nature and culture : women as a part of nature / prepared for the Course Team by Lynda Birke. /
|c prepared for the Course Team by Lynda Birke.
|
| 260 |
|
|
|a Milton Keynes :
|b The Open University Press,
|c 1983.[Reprinted 1985]
|
| 300 |
|
|
|a 52,40p. :
|b ill., facsims. ;
|c 30 cm.
|
| 490 |
0 |
|
|a U221 ;
|v 2 and 3.
|
| 500 |
|
|
|a At head of title: Open University.
|
| 504 |
|
|
|a Includes Bibliography (p38-39.)
|
| 541 |
1 |
|
|e 00004283
|
| 650 |
|
0 |
|a Women
|x Social conditions.
|
| 700 |
1 |
|
|a Birke, Lynda I. A.
|
| 710 |
2 |
|
|a Open University.
|
| 710 |
2 |
|
|a Open University.
|b U221 Course Team.
|
| 852 |
4 |
|
|a Ayesha Abed Library
|j General shelf
|
| 999 |
|
|
|c 6841
|d 6841
|
| 952 |
|
|
|0 0
|1 0
|2 ddc
|4 0
|6 305_420000000000000_CHA_1983
|7 0
|9 7051
|a BRACUL
|b BRACUL
|c GEN
|d 2010-01-11
|g 825.00
|l 0
|o 305.42 CHA
|p 3010004283
|r 2010-01-11
|t 1
|w 2010-01-11
|y BK
|
| 952 |
|
|
|0 0
|1 0
|2 ddc
|4 0
|6 305_420000000000000_CHA_1983
|7 0
|9 7574
|a BRACUL
|b BRACUL
|c GEN
|d 2010-01-28
|g 550.00
|l 1
|m 11
|o 305.42 CHA
|p 3010004281
|r 2026-01-14
|s 2025-11-09
|t 2
|w 2010-01-28
|y BK
|